Podpora obnoviteľných zdrojov v Európske únii diplomová práca

Na minha lista:
Detalhes bibliográficos
Autor principal: Mrázová, Kamila
Autor Corporativo: Obchodná fakulta EU. Katedra medzinárodného obchodu
Outros Autores: Rosenberg, Miloslav
Formato: Livro
Idioma:eslovaco
Publicado em: Bratislava 2013
Tags: Adicionar Tag
Sem tags, seja o primeiro a adicionar uma tag!

MARC

LEADER 00000nbm a2200000 4500
001 0169556
005 20170315090436.0
041 0 |a slo 
044 |a SK 
245 1 0 |a Podpora obnoviteľných zdrojov v Európske únii  |b diplomová práca  |c Kamila Mrázová ; školiteľ: Miloslav Rosenberg 
264 1 |a Bratislava  |c 2013 
300 |a 81 s. 
100 1 |a Mrázová, Kamila 
700 1 |a Rosenberg, Miloslav 
710 2 |a Obchodná fakulta EU. Katedra medzinárodného obchodu